German cities in Civilization 6 Map Quiz - Statistics

General Stats
  • This quiz has been taken 19 times
  • The average score is 25 of 32
Answers on the Map
Answers color-coded by a green-red scale on the quiz's map according to % correct below.
 
Answer Stats
Answer % Correct
Berlin
100%
Cologne
100%
Hamburg
100%
Hanover
100%
Munich
100%
Bonn
94%
Bremen
94%
Dortmund
94%
Dresden
94%
Düsseldorf
94%
Frankfurt
94%
Nuremberg
94%
Stuttgart
94%
Essen
88%
Leipzig
88%
Lübeck
88%
Potsdam
88%
Aachen
82%
Münster
76%
Erfurt
71%
Rostock
71%
Augsburg
65%
Magdeburg
65%
Mainz
65%
Regensburg
65%
Ulm
65%
Freiburg
59%
Heidelberg
53%
Trier
53%
Schwerin
41%
Worms
35%
Würzburg
35%
No matching quizzes found
Score Distribution
Percent of People with Each Score
Percentile by Number Answered
Your Score History
You have not taken this quiz